[Event "Hessen-ch Seniors op 08th"]
[Site "Bad Sooden-Allendorf"]
[Date "2012.04.21"]
[Round "8"]
[White "Klein, Klaus"]
[Black "Limberg, Siegfried"]
[Result "0-1"]
[WhiteElo "2025"]
[BlackElo "2081"]
[PlyCount "70"]
[EventDate "2012.04.14"]
[EventType "swiss"]
[EventRounds "9"]
[EventCountry "GER"]
[SourceTitle "EXT 2019"]
[Source "ChessBase"]
[SourceDate "2018.10.10"]
[SourceVersion "1"]
[SourceVersionDate "2018.10.10"]
[SourceQuality "1"]

1. e4 c6 2. d4 g6 3. Nc3 d5 4. exd5 cxd5 5. Bd3 Bg7 6. Nce2 Nf6 7. Nf3 0-0 8. 0-0 Nc6 9. c3 Bg4 10. Ng3 Qc7 11. h3 Bxf3 12. Qxf3 a6 13. Bf4 Qd7 14. a4 Rac8 15. Qd1 Na5 16. Re1 Rfe8 17. Nf1 Nh5 18. Be5 Bxe5 19. Rxe5 Nf4 20. Qf3 Nxd3 21. Qxd3 Nc4 22. Re2 b5 23. b3 Nd6 24. Rc2 Qc6 25. Ne3 Rc7 26. axb5 axb5 27. f3 Kg7 28. b4 Rec8 29. Nd1 Ra8 30. Rca2 Rxa2 31. Rxa2 Nc4 32. Qb1 Qe6 33. Qd3 Rc6 34. Qe2 Qf6 35. Ne3 Re6 0-1

[Event "Hessen-ch Seniors op 08th"]
[Site "Bad Sooden-Allendorf"]
[Date "2012.04.19"]
[Round "6"]
[White "Klein, Klaus"]
[Black "Hilbig, Klaus"]
[Result "1-0"]
[WhiteElo "2025"]
[BlackElo "1773"]
[PlyCount "43"]
[EventDate "2012.04.14"]
[EventType "swiss"]
[EventRounds "9"]
[EventCountry "GER"]
[SourceTitle "EXT 2019"]
[Source "ChessBase"]
[SourceDate "2018.10.10"]
[SourceVersion "1"]
[SourceVersionDate "2018.10.10"]
[SourceQuality "1"]

1. e4 e6 2. d4 d5 3. Nc3 Bb4 4. exd5 exd5 5. Bd3 Nf6 6. Nge2 0-0 7. 0-0 Re8 8. a3 Bf8 9. Bg5 c6 10. Ng3 h6 11. Bf4 g5 12. Be5 Nbd7 13. f4 Nxe5 14. fxe5 Ng4 15. Qf3 f6 16. h3 Nxe5 17. dxe5 Qb6+ 18. Kh2 Bg7 19. exf6 Rf8 20. Qh5 Rxf6 21. Rxf6 Bxf6 22. Qe8+ 1-0

[Event "Hessen-ch Seniors op 08th"]
[Site "Bad Sooden-Allendorf"]
[Date "2012.04.17"]
[Round "4"]
[White "Klein, Klaus"]
[Black "Niebling, Ferdinand"]
[Result "0-1"]
[WhiteElo "2025"]
[BlackElo "2166"]
[PlyCount "88"]
[EventDate "2012.04.14"]
[EventType "swiss"]
[EventRounds "9"]
[EventCountry "GER"]
[SourceTitle "EXT 2019"]
[Source "ChessBase"]
[SourceDate "2018.10.10"]
[SourceVersion "1"]
[SourceVersionDate "2018.10.10"]
[SourceQuality "1"]

1. e4 e6 2. d4 d5 3. Nc3 Nf6 4. Bg5 dxe4 5. Nxe4 Be7 6. Bxf6 gxf6 7. c3 b6 8. Qf3 c6 9. Qg3 f5 10. Qg7 Rf8 11. Ng3 Bf6 12. Qh6 Nd7 13. Nf3 Bb7 14. Nh5 Qe7 15. 0-0-0 0-0-0 16. Bc4 Rg8 17. Nxf6 Nxf6 18. Rhg1 Ng4 19. Qd2 c5 20. h3 Nf6 21. Qe2 Ne4 22. Ba6 cxd4 23. Bxb7+ Kxb7 24. Nxd4 Qc5 25. Kb1 Nf6 26. Qf3+ Qd5 27. Qxd5+ Rxd5 28. Kc2 Ne4 29. f3 Ng3 30. Rd2 f4 31. Ne2 Nxe2 32. Rxe2 Rdg5 33. Rd2 Kc6 34. Kd1 Rg3 35. Rf2 Rxh3 36. Ke1 Rh2 37. Rd2 h5 38. Kf1 h4 39. Rf2 b5 40. Re2 h3 41. Rf2 hxg2+ 42. Rfxg2 Rhxg2 43. Rxg2 Rxg2 44. Kxg2 Kd5 0-1